| 000 | 01760 a2200229 4500 | ||
|---|---|---|---|
| 001 | 47416 | ||
| 005 | 20260407155741.0 | ||
| 008 | 260407a1975 arg spa d | ||
| 003 | AR-UNSa-BCEJYS | ||
| 040 |
_aAR-UNSa-BCEJYS _bspa _cAR-UNSa-BCEJYS |
||
| 080 |
_a330 _xEconomía en general |
||
| 245 | 1 | 0 | _aTeoría económica y economía política |
| 020 | _a84-270-0288-2 | ||
| 264 | 1 |
_aBarcelona : _bEdiciones Martínez Roca _c1975 |
|
| 300 |
_a278 p. _c20 cm. |
||
| 505 | _aParte I: 1. La enseñanza de la economía - 2. Preludio a una crítica de la teoría económica - 3. Modelos de crecimiento de equilibrio - 4. Precios de los factores no igualados - 5. Solow y la tasa de rendimiento - 6. Comentario de Robinson al comentario de Findlay sobre Robinson - 7. El filo de la navaja de Harrod - 8. La teoría prekeynesiana después de Keynes - 9. La soberanía del consumidor en una economía planificada - 10. Wiles y la economía política del consumismo -- Parte II: 11. Kalecki y Keynes - 12. La "Teoría general" veinticinco años más tarde - 13. Después del pleno empleo - 14. El capitalismo en nuestros días - 15. "Liquidez general" - 16. Tipos internos de interés - 17. La desaparición definitiva del "Iaissez-faire" -- Parte III: 18. Marxismo: religión y ciencia - 19. ¿Qué queda del marxismo? - 20. ¿Ha cambiado el capitalismo? - 21. Una reconsideración de la teoría del valor -- Parte IV: 22. India, 1955: desempleo y planificación - 23. China, 1963: las comunas - 24. Corea, 1964: milagro económico. | ||
| 942 | _cBK | ||
| 590 | _aniveau_biblio:m niveau_hierar:0 | ||
| 100 | 1 | _aBofill, Mireia | |
| 700 | 1 | _aRobinson, Joan | |
| 856 | 4 | 1 |
_uhttps://www.biblioeco.unsa.edu.ar/pmb/images/libros/L127497.jpg _yImagen de portada _qimage/jpeg |
| 999 |
_c4355 _d4355 |
||